Edo bungaku jiten /
Saved in:
| Main Author: | |
|---|---|
| Format: | Book |
| Language: | Japanese |
| Published: |
Tōkyō :
Fuzanbō,
Shōwa 15 [1940]
|
| Subjects: | |
| Tags: |
Add Tag
No Tags, Be the first to tag this record!
|
| LEADER | 00877nam a2200253 a 4500 | ||
|---|---|---|---|
| 001 | 007790372-2 | ||
| 005 | 20024617115958.0 | ||
| 008 | 890322s1940 ja ac bd 001 0 jpn d | ||
| 010 | |a j 63001276 | ||
| 035 | 0 | |a ocm19415672 | |
| 040 | |a CU-S |c CU-S |d OCoLC |d *YNH* |d CStRLIN | ||
| 050 | 0 | |a PL747.35 |b .T4 | |
| 100 | 1 | |6 880-01 |a Teruoka, Yasutaka, |d 1908- | |
| 245 | 1 | 0 | |6 880-02 |a Edo bungaku jiten / |c Teruoka Yasutaka cho. |
| 260 | |6 880-03 |a Tōkyō : |b Fuzanbō, |c Shōwa 15 [1940] | ||
| 300 | |a 2, 4, 72, 551, 26 p. : |b ill., ports. ; |c 18 cm. | ||
| 504 | |a Bibliography: p. 2-3 (2d group) | ||
| 500 | |a Includes index. | ||
| 650 | 0 | |a Japanese fiction |y Edo period, 1600-1868 |v Dictionaries. | |
| 880 | 1 | |6 100-01 |a 暉峻康隆, |d 1908- | |
| 880 | 1 | 0 | |6 245-02 |a 江戶文學辭典 / |c 暉峻康隆著. |
| 880 | |6 260-03 |a 東京 : |b 冨山房, |c 昭和15 [1940] | ||
| 988 | |a 20021214 | ||
| 906 | |0 OCLC | ||


